000 02598nam0a2200313 4500
001 RU\NLR\BIBL_A\012048962
005 20190806142613.0
010 _a978-5-91326-505-0
_9200
021 _aRU
_bКН-П-19-040042
_9КН-П-19-2936
035 _a(NLR Aleph) 012048962
035 _a(RuMoRGB)009997091
090 _a11640968
_c11640968
100 _a20190628d2019 u y0rusy50 ca
101 0 _arus
102 _aRU
105 _a |||j|||000zy
200 1 _aМетод идентификации физико-механических характеристик композитных материалов
_eучебное пособие
_eдля студентов ННГУ, обучающихся по направлениям подготовки 01.04.03 "Механика и математическое моделирование", 01.04.02 "Прикладная математика и информатика", и аспирантов ННГУ, обучающихся по направлению подготовки 01.06.01 "Математика и механика", направленность 01.02.04 "Механика деформируемого твердого тела", 01.02.06 "Динамика, прочность машин, приборов и аппаратуры"
_fН.А. Абросимов
_gМинистерство науки и высшего образования Российской Федерации, Национальный исследовательский Нижегородский государственный университет им. Н.И. Лобачевского
210 _aНижний Новгород
_cИзд-во Нижегородского госуниверситета
_d2019
215 _a60 с.
_cил., табл.
_d21
320 _aБиблиогр.: с. 59-60 (25 назв.)
606 1 _aКомпозиционные материалы
_jУчебные издания для высших учебных заведений
_xФизико-механические свойства
_92163636
_3RU\NLR\AUTH\661301950
606 1 _aКомпозиционные материалы
_jУчебные издания для высших учебных заведений
_xСтруктура
_xМатематическое моделирование
_92472614
_3RU\NLR\AUTH\661468398
686 1 _aЖ366.062я73-1
700 1 _aАбросимов
_bН. А.
_gНиколай Анатольевич
942 _cBOOK
980 _aNBR
980 _aNB